| 000 | 00000nam 2200000za 4500 |
| 001 | 9.604345 |
| 003 | CaOODSP |
| 005 | 20250828113322 |
| 007 | cr ||||||||||| |
| 008 | 150406|1998||||xxc|||||o f|0| 0 fre d |
| 022 | |a1205-9161 |
| 040 | |aCaOODSP|bfre |
| 043 | |an-cn--- |
| 086 | 1 |aCS11-0019/117F-PDF |
| 100 | 1 |aBaldwin, John R. |q(John Russel) |
| 245 | 00|aLes facteurs déterminants des retards en matière d'adoption des technologies de fabrication de pointe / |h[ressource électronique]|cpar John R. Baldwin et Mohammed Rafiquzzaman. |
| 260 | |aOttawa - Ontario : |bStatistique Canada |cAoût 1998. |
| 300 | |a38p.|bfigure, références, tableaux |
| 490 | 1 |aDocuments de recherche - Direction des études analytiques|x1205-9161|vN° 117 |
| 500 | |aLe n° de catalogue (11F0019MPF) et l'ISBN (0-660-96009-5) de l'édition imprimée ont été incorrectement copiés dans l'édition électronique. |
| 520 | 3 |aDans le présent, sont examinés les facteurs déterminants des retards en matière d'adoption des technologies de pointe dans le secteur des entreprises. On y utilise des données portant sur les retards d'adoption au niveau des entreprises (c'est-à-dire la période de temps écoulée entre le moment où l'entreprise prend conscience de l'existence d'une technologie donnée et l'adoption de celle-ci), afin de déterminer à quel point le retard d'adoption agit en fonction des avantages et des coûts associés à l'adoption de la technologie, de même que certaines caractéristiques qui font office de substituts à la capacité d'absorber de l'entreprise.--Résumé |
| 590 | |a12-35-Supp|b2012-08-09 |
| 710 | 2 |aStatistique Canada. |
| 775 | 08|tThe determinants of the adoption lag for advanced manufacturing technologies / |w(CaOODSP)9.574606 |
| 776 | 0#|tLes facteurs déterminants des retards en matière d'adoption des technologies de fabrication de pointe / |w(CaOODSP)9.624793 |
| 830 | #0|aDocuments de recherche (Statistique Canada. Direction des études analytiques)|x1205-9161|vN° 117|w(CaOODSP)9.500842 |
| 856 | 40|ahttp://publications.gc.ca|qPDF|s114 Ko|uhttps://publications.gc.ca/collections/Collection/CS11-0019-117F.pdf|yN° 117 |